Llamadas perdidas

Sparad:
Bibliografiska uppgifter
Huvudupphovsman: Barros, Pía (Författare, medförfattare)
Materialtyp: Bok
Språk:spanska
Publicerad: Barcelona Thule Ediciones 2006
Upplaga:1a. ed
Serie:MicroMundos, 14
Ämnen:
Taggar: Lägg till en tagg
Inga taggar, Lägg till första taggen!

MARC

LEADER 00000cam a2200000 a 4500
001 UCG8995
003 CL-VaPUC
008 120120e20060000SP |||||||||||||||||spa|d
020 |a 8496473058 
082 0 4 |a Ch863  |b BAR  |2 21 
100 0 |a Barros, Pía  |e author  |9 560320 
245 1 0 |a Llamadas perdidas 
250 |a 1a. ed 
300 |a 95 p 
942 |c BK 
945 |d 20120120 00:00:00  |a cmena 
260 |a Barcelona  |b Thule Ediciones  |c 2006 
650 0 |a Cuentos chilenos   |9 308280 
650 0 |a Literatura chilena   |9 308278 
583 |a last modification  |c 20120120 10:38:00  |k Rodrigo Vera 
490 0 |a MicroMundos, 14 
999 |c 346580  |d 346578 
952 |0 0  |1 0  |4 0  |6 CH_863_000000000000000_BAR_2006  |7 0  |8 A  |9 447322  |a FDOPOS  |b FDOPOS  |d 2019-11-22  |i 4814320  |o Ch863 BAR 2006  |p 4814320  |r 2025-01-22  |w 2019-11-22  |y BK  |k DLH